Vývoj devízových rezerv v Slovenskej republike v súvislosti s uplatňovaným systémom menového kurzu slovenskej koruny diplomová práca

Saved in:
Bibliographic Details
Main Author: Loeblová, Marianna
Corporate Author: Národohospodárska fakulta EU. Katedra bankovníctva a medzinárodných financií
Other Authors: Jankovská, Anežka
Format: Book
Language:Slovak
Published: Bratislava 2010
Tags: Add Tag
No Tags, Be the first to tag this record!

MARC

LEADER 00000nam a2200000 4500
001 0119505
005 20240318123902.9
041 0 |a slo 
044 |a SK 
245 1 0 |a Vývoj devízových rezerv v Slovenskej republike v súvislosti s uplatňovaným systémom menového kurzu slovenskej koruny  |b diplomová práca  |c Marianna Loeblová ; škol. Anežka Jankovská 
264 1 |a Bratislava  |c 2010 
300 |a 64 s. 
100 1 |a Loeblová, Marianna 
700 1 |a Jankovská, Anežka 
710 2 |a Národohospodárska fakulta EU. Katedra bankovníctva a medzinárodných financií